000 00613nam a22001937a 4500
003 0
005 20250909123737.0
008 250909b xxu||||| |||| 00| 0 eng d
020 _a978-1-98469-573-4
050 _aQR 111
_b.H37 2025
100 _aHarris, Violet,
_eauthor.
245 _aEnvironmental microbiology /
_cViolet Harris.
260 _aNew York, NY :
_b3G E-Learning LLC,
_c2025.
300 _axvi, 297 pages :
_bcolored illustrations ;
_c26 cm.
504 _aIncludes bibliographical references and index.
650 _aEnvironmental microbiology.
650 _aMicrobial ecology.
942 _2lcc
_cBK
999 _c367832
_d367832